Diseño de un sistema de secado de piezas a galvanizar mediante el aprovechamiento de los gases de combustión del proceso
Salvato in:
| Autore principale: | |
|---|---|
| Altri autori: | , |
| Natura: | Libro |
| Lingua: | Spanish |
| Pubblicazione: |
[San José , Costa Rica]
2017
|
| Soggetti: | |
| Tags: |
Aggiungi Tag
Nessun Tag, puoi essere il primo ad aggiungerne!!
|
MARC
| LEADER | 00000nam a22000007a 4500 | ||
|---|---|---|---|
| 003 | 012820 | ||
| 005 | 20230705135636.0 | ||
| 008 | 180119b2017 cr a|||| |m|| 00| ||spa d | ||
| 040 | |c cru CEDI | ||
| 090 | |a TFG 7971 | ||
| 100 | |9 10874 |a Alfaro Chaves, Roberto Carlos | ||
| 245 | |a Diseño de un sistema de secado de piezas a galvanizar mediante el aprovechamiento de los gases de combustión del proceso | ||
| 260 | |a [San José , Costa Rica] |c 2017 | ||
| 300 | |a x,153 hojas ;ilustraciones a color | ||
| 500 | |a Trabajo de graduación (licenciatura en ingeniería mecánica)--Universidad de Costa Rica. Facultad de Ingeniería. Escuela de Ingeniería Mecánica | ||
| 501 | |a Director de Trabajo de Graduación: M.Sc. Luis Arturo Rapso Brenes | ||
| 650 | |x COMBUSTION |x SECADO |x GALVANIZACION |x COSTA RICA - INDUSTRIAS |9 10876 | ||
| 700 | |9 10875 |a Artavia Garro, Luis André | ||
| 700 | |9 26 |a Rapso Brenes, Luis Arturo, 1962- |d Director del TFG | ||
| 942 | |c CEDI |h TFG 7971 |6 TFG_7971_000000000000000 | ||
| 999 | |c 19447 |d 19447 | ||
